000 00919nam a22002537a 4500
001 3882
003 FISKH
005 20251126105526.0
008 240521b cb ||||| |||| 00| 0 eng d
040 _aFISK
_beng
_cFISK
_dFISK
050 _aPZ7.M16254
082 _a280
100 _aMellom Robin
245 _aThe classroom /
_bThe epic documentary of a not-yet-epic kid :
_cRobin Mellom
260 _aNew York :
_bScholastic,
_c2012
300 _a279 pages :
_billustrations ;
_c22 cm
505 _aM
520 _aAs a documentary is filmed at their middle school, roles reverse for worrier Trevor and his lifelong best friend Libby, who has always rescued him from embarrassing situations but is now focused on being "cool" and no longer wants to be his "friend friend."
521 8 _a720
_bLexiles
521 8 _aM
_bRaz-Plus
700 _aRobin Mellom
942 _2ddc
_cBK
_n0
999 _c3882
_d3882